1841 1210 1941 1403 1551 1621 1564 1510 1997 1295 1117 1449 1808 1963 1196 1470 1604 1913 1104 1273 1089 1950 1355 1549 1616 1959 1703 1142 1830 1051 1187 1062 1202 1335 1292 1963 1503 1034 1371 1210 1428 1721 1576 1641 1969 1432 1214 1947 1471 1724 1891 1143 1598 1252 1762 1958 1631 1319 1541 1613 1654 1665 1540 1285 1894 1773 1696 1178 1094 1263 1894 1045 1899 1733 1326 1950 1391 1848 1226 1942 1142 1905 1631 1131 1514 1582 1615 1933 1993 1954 1011 1297 1517 1333 1277 1864 1989 1257 1851 BCNSPRNW ULIB Ver.6.0+V

เปลี่ยนเป็นภาษาไทย

Change to English
 แสดงรายละเอียดบรรณานุกรม
  กลับหน้าหลัก

Brief Record : Get Marc (ISO 2709) : E-mail record : QR code < ปิดหน้าต่าง
LEADER : 00000nam 2200000uu 4500
001    13399111041
003     ULIB
008    110615s||||||||th 000 0 tha d
020    9789748817965 (ล.2)
060 04 WY18.2^bส676 2549 ล.2
245 00 สาระทบทวน :^bการพยาบาลผู้ใหญ่ เล่ม 2/^cบรรณาธิการ, ละเอียดแจ่มจันทร์, สุรี ขันธรักษวงศ์
246 30 การพยาบาลผู้ใหญ่ เล่ม 2
250    พิมพ์ครั้งที่ 3
260    กรุงเทพฯ :^bจุดทอง, ^c2549
300    2 เล่ม ;^c26 ซม.
650  7 การพยาบาลโรคผิวหนัง
650  7 การพยาบาลอายุรศาสตร์
700 0  ละเอียด แจ่มจันทร์,^eบรรณาธิการ
700 0  สุรี ขันธรักษวงศ์,^eบรรณาธิการ
945    ^p70^l0^i24656
945    ^p70^l0^i24655
945    ^p70^l0^i24654
995    เกษร
999    ^aใช้งานได้ทุกระบบ
รายการนี้ยังไม่มีแท็ก
คุณยังไม่ได้ล็อกอิน คุณสามารถมีกิจกรรมร่วมกับเว็บไซต์ได้ แต่ต้องล็อกอินก่อน ::
  ล็อกอิน

รายการสื่อสารสนเทศ

ลำดับที่ ประเภท เลขเรียก/บาร์โค้ด สถานที่ สถานะ
- ไม่พบข้อมูล -

รายการใกล้เคียง
    หัวเรื่อง [การพยาบาลโรคผิวหนัง]
    หัวเรื่อง [การพยาบาลอายุรศาสตร์]

BibComment


ยังไม่เคยถูกคอมเมนท์

คอมเมนท์ทรัพยากรรายการนี้
  คอมเมนท์: สาระทบทวน การพยา..


 Copyright 2026. Bcnsprnw @Library